000 00364pab a2200145 454500
008 180718b1989 xxu||||| |||| 00| 0 eng d
100 _aJani, B.M.
245 _aDecentralised desert area planning in Saurashtra
260 _c1989
300 _a25-6
362 _a16 Apr.
650 _aRegional Planning - India - Surashtra
773 _aYojana
909 _a17134
999 _c17134
_d17134